Public relations : made simple

Bibliographic Details
Main Author: Jefkins, Frank
Format: Book
Published: London : Heinemann Ltd. , 1982
Subjects:

MARC

LEADER 00000cam a2200000 7i4500
001 0000007951
002 000008527
005 20000330.0
020 |a T000000654 
090 0 0 |a 659.2   |b JEF 
100 1 |a Jefkins, Frank 
245 1 0 |a Public relations :   |b made simple   |c Frank Jefkins 
260 |a London :   |b Heinemann Ltd. ,   |c 1982 
300 |a 271 p. ;   |c 21 cm. 
650 0 0 |a Public relations 
999 |a 0003402   |b BUKU   |c PINJAMAN   |e PERPUSTAKAAN KOMUNITI PETALING JAYA